Normal view
MARC view
Entry Personal Name
001 - CONTROL NUMBER
- control field: 30190
003 - CONTROL NUMBER IDENTIFIER
- control field: ARRUPE
005 - DATE AND TIME OF LATEST TRANSACTION
- control field: 20170428115315.0
008 - FIXED-LENGTH DATA ELEMENTS
- fixed length control field: 170428|| aca||aabn | a|a d
040 ## - CATALOGING SOURCE
- Original cataloging agency: ARRUPE
- Transcribing agency: ARRUPE
100 ## - HEADING--PERSONAL NAME
- Personal name: Mayugi, Nicolas
670 ## - SOURCE DATA FOUND
- Source citation: Work cat.: (ARRUPE)92576: Mayugi, Nicolas, La memoire vigilante et l'interethnique resistante pour une lutte rigoureuse contre le genocide